000 00235nam a22000977a 4500
999 _c16177
_d16177
003 OSt
008 200615b ||||| |||| 00| 0 eng d
100 _aWalter Clyde Curry
_94596
245 _aChaucer and the Mediaeval Sciences
942 _cBK